Manchester United F.C. 2019/2020 Squad - Statistics

General Stats
  • This quiz has been taken 353 times
    309 since last reset
  • The average score is 22 of 29
Answer Stats
No. Answer % Correct
1 Spain (GK) David de Gea
99%
6 France (MF) Paul Pogba
98%
9 France (FW) Anthony Martial
97%
10 England (FW) Marcus Rashford
97%
2 Sweden (DF) Victor Lindelöf
97%
5 England (DF) Harry Maguire
95%
3 Côte d'Ivoire (DF) Eric Bailly
94%
8 Spain (MF) Juan Mata
94%
17 Brazil (MF) Fred
91%
31 Serbia (MF) Nemanja Matić
89%
4 England (DF) Phil Jones
88%
39 Scotland (MF) Scott McTominay
87%
- Norway (MAN) Ole Gunnar Solskjær
84%
21 Wales (MF) Daniel James
82%
23 England (DF) Luke Shaw
82%
16 Argentina (DF) Marcos Rojo
82%
22 Argentina (GK) Sergio Romero
82%
20 Portugal (DF) Diogo Dalot
80%
14 England (MF) Jesse Lingard
76%
29 England (DF) Aaron Wan-Bissaka
68%
15 Brazil (MF) Andreas Pereira
68%
26 England (FW) Mason Greenwood
67%
13 England (GK) Lee Grant
63%
18 England (DF) Ashley Young
61%
44 Netherlands (FW) Tahith Chong
58%
24 Netherlands (DF) Timothy Fosu-Mensah
47%
38 England (DF) Axel Tuanzebe
44%
28 England (MF) Angel Gomes
33%
37 England (MF) James Garner
30%
No matching quizzes found
Score Distribution
Percent of People with Each Score
Percentile by Number Answered
Your Score History
You have not taken this quiz since the last reset